[Event "Challenge"]
[Site "http://www.queenalice.com/game.php?id=1294099"]
[Date "2014.7.12"]
[Round "-"]
[White "tucuman"]
[Black "lemoufflet"]
[Result "1-0"]
[WhiteElo "1672"]
[BlackElo "1838"]

1. e4 e5 2. Bc4 Nh6 3. Nf3 Qf6 4. d3 Nc6 5. O-O Bc5 6. Ng5 d5 7. Bxd5 Nd8 8. Nc3
O-O 9. h3 c6 10. Bc4 b5 11. Bb3 a5 12. Nf3 Ne6 13. Bxe6 Bxe6 14. Bxh6 Qxh6 15.
Nh2 Bd7 16. a3 Rae8 17. Nf3 Re6 18. b4 axb4 19. Ne2 Bxf2+ 20. Rxf2 Rg6 21. Kf1
Bxh3 22. gxh3 Qxh3+ 23. Ke1 Qh1+ 24. Kd2 Qh3 25. Kc1 Qe6 26. axb4 Qe7 27. c3 c5
28. bxc5 Qxc5 29. Rf1 b4 30. Qc2 bxc3 31. Qxc3 Qe3+ 32. Qd2 Rc8+ 33. Kd1 Qb6 34.
Ke1 h6 35. Rc1 Re8 36. Qc3 Rge6 37. Rg1 g5 38. Nh4 Rf6 39. Nf5 Qb8 40. Rh1 Kh7
41. Nfg3 Re7 42. Nf5 Ree6 43. Qd2 Rg6 44. Neg3 Rb6 45. Rf1 Rb2 46. Qc3 Rc6 47.
Qxc6 Rb6 48. Qc7 Qb7 49. Qxb7 Rxb7 50. Rf2 Rb3 51. Rd2 Kg6 52. Rc6+ f6 53. Rc7
h5 54. Rg7# 1-0

[Event "Challenge"]
[Site "http://www.queenalice.com/game.php?id=1294100"]
[Date "2014.7.12"]
[Round "-"]
[White "lemoufflet"]
[Black "tucuman"]
[Result "0-1"]
[WhiteElo "1870"]
[BlackElo "1754"]

1. d4 d5 2. e3 e6 3. Nf3 a6 4. Nc3 h6 5. e4 dxe4 6. Nxe4 Be7 7. Bd3 Nc6 8. Be3
Nf6 9. Ned2 b6 10. Qe2 Bb7 11. O-O a5 12. a3 Bd6 13. Ne4 Nxe4 14. Bxe4 O-O 15.
Qd3 f5 16. Bxc6 Bxc6 17. d5 Bxd5 18. Bd4 Qd7 19. Qc3 e5 20. Bxe5 Bxe5 21. Nxe5
Qe6 22. Rfe1 Qd6 23. Rad1 c6 24. Qd4 b5 25. Nxc6 Qxc6 26. Re7 Bf7 27. Qf4 Qxc2
28. Qf3 Rad8 29. Rxd8 Rxd8 30. h3 Bd5 31. Qh5 Qxb2 32. Qxf5 Bc4 33. a4 bxa4 34.
Qxa5 Qc1+ 35. Re1 Rd1 36. Qd8+ Rxd8 37. Rxc1 Bb3 38. Kh2 a3 0-1

[Event "Challenge"]
[Site "http://www.queenalice.com/game.php?id=1295885"]
[Date "2014.7.19"]
[Round "-"]
[White "lemoufflet"]
[Black "thierry901"]
[Result "1-0"]
[WhiteElo "1830"]
[BlackElo "1634"]

1. d4 d5 2. e3 Nc6 3. Nf3 Bf5 4. Na3 e6 5. Bb5 Nf6 6. Qe2 Bb4+ 7. Bd2 Bxd2+ 8.
Nxd2 O-O 9. Qf3 a6 10. Bd3 Bxd3 11. cxd3 Nb4 12. O-O Nxd3 13. Nb3 Nxb2 14. Nc5
b6 15. Nb3 Qd6 16. Nc2 c5 17. dxc5 bxc5 18. Na5 Nc4 19. Nxc4 dxc4 20. Rad1 Qb6
21. e4 Rfd8 22. e5 Rxd1 23. Qxa8+ Rd8 24. Qf3 Nd5 25. h3 Qb2 26. Qd1 Qxe5 27.
Ne3 Qg5 28. Nxc4 Nc3 29. Qb3 g6 30. Qxc3 Rd4 31. Ne3 Rh4 32. Ng4 f5 33. f4 Qe7
34. Qf6 Qxf6 35. Nxf6+ Kf7 36. Nd7 c4 37. Ne5+ Kf6 38. Nxc4 g5 39. fxg5+ Kxg5
40. Nd2 Rf4 41. Nb3 Rxf1+ 42. Kxf1 e5 43. Ke2 Kf4 44. Kf1 Kg3 45. Nc1 f4 46.
Ne2+ Kh4 47. Ng1 e4 48. Ne2 f3 49. Nd4 Kg3 50. gxf3 exf3 51. Nf5+ Kxh3 52. Kf2
Kg4 53. Nd4 h5 54. Nxf3 h4 55. Nh2+ Kh3 56. Kg1 Kg3 57. a4 a5 58. Nf1+ Kh3 59.
Nd2 Kg4 60. Nb3 Kf4 61. Nxa5 Ke5 62. Nc4+ Kd5 63. Nb2 Kc5 64. Kh2 Kb4 65. Kh3
Ka5 66. Kxh4 Kb4 67. Kg4 Ka5 68. Kf4 Kb4 69. Ke4 Kc5 70. Kd3 Kb4 71. Kd4 Ka5 72.
Kc4 Kb6 73. Kb4 Ka6 74. a5 Ka7 75. Kb5 Kb7 76. Nc4 Ka7 77. a6 Kb8 78. Nd6 Ka7
79. Ka5 Kb8 80. Kb6 Ka8 81. Nb5 Kb8 82. a7+ Ka8 83. Nc7# 1-0

[Event "Challenge"]
[Site "http://www.queenalice.com/game.php?id=1297279"]
[Date "2014.7.25"]
[Round "-"]
[White "tucuman"]
[Black "lemoufflet"]
[Result "1-0"]
[WhiteElo "1775"]
[BlackElo "1849"]

1. e4 e5 2. Nf3 d5 3. Bd3 d4 4. Nxe5 Be6 5. Nf3 Nc6 6. O-O Be7 7. c3 dxc3 8.
dxc3 Nf6 9. Be3 Bd6 10. Nbd2 Bxh2+ 11. Nxh2 Qxd3 12. Nhf3 Ng4 13. Nb3 Qxe4 14.
Nc5 Qe5 15. Nxe5 Ncxe5 16. Nxe6 fxe6 17. Bd4 Rd8 18. Qa4+ c6 19. Qxa7 O-O 20.
Qxb7 h6 21. Bxe5 Nxe5 22. Rfe1 Ng4 23. Rf1 Rd5 24. Qxc6 Rf6 25. Qe8+ Kh7 26.
Rae1 e5 27. f3 Nh2 28. Kxh2 Rg6 29. Rxe5 Rd2 30. Re2 Rdd6 31. Rfe1 Rg5 32. Re5
Rgg6 33. Re6 Rf6 34. Rxf6 Rxf6 35. Re6 Rf5 36. Qg6+ 1-0

[Event "Challenge"]
[Site "http://www.queenalice.com/game.php?id=1312356"]
[Date "2014.10.3"]
[Round "-"]
[White "tucuman"]
[Black "lemoufflet"]
[Result "0-1"]
[WhiteElo "1684"]
[BlackElo "1826"]

1. e4 Nc6 2. d4 e5 3. d5 Nd4 4. Be3 Bc5 5. Bxd4 Bxd4 6. c3 Bc5 7. Bd3 Qf6 8. Qf3
Qb6 9. b4 Bf8 10. Nh3 Be7 11. O-O Nh6 12. b5 c6 13. dxc6 dxc6 14. c4 Qd4 15. Nd2
Qd8 16. Nb3 a5 17. a4 cxb5 18. cxb5 Qd6 19. Bc2 Bd8 20. Rfd1 Qe7 21. Qg3 Bg4 22.
f3 Bb6+ 23. Kh1 Bxh3 24. Qxh3 O-O 25. Rd7 Qb4 26. Rxb7 Qc3 27. Rxb6 Qxc2 28. Qg3
f6 29. Qe1 Qxb3 30. Rc6 Qf7 31. h3 Qe8 32. Ra6 Qd8 33. Rxa8 Qxa8 34. Kh2 Nf7 35.
g4 h6 36. Kg3 Kh7 37. h4 Rd8 38. Kh3 Nd6 39. g5 hxg5 40. hxg5 f5 41. exf5 Qxf3+
42. Kh2 Qh5+ 43. Kg2 Qxg5+ 44. Kf1 Nxf5 45. Qf2 Ng3+ 46. Ke1 Rd4 47. Rd1 Re4+
48. Qe2 Rxe2# 0-1

[Event "Challenge"]
[Site "http://www.queenalice.com/game.php?id=1312357"]
[Date "2014.10.3"]
[Round "-"]
[White "lemoufflet"]
[Black "tucuman"]
[Result "1-0"]
[WhiteElo "1815"]
[BlackElo "1679"]

1. Nc3 d5 2. d4 e6 3. Nf3 a6 4. e4 Nf6 5. e5 Nfd7 6. Bd3 h6 7. Bd2 Nc6 8. Qe2 b6
9. O-O Bb7 10. Nd1 g6 11. Ne3 Bg7 12. b3 b5 13. c4 bxc4 14. bxc4 Qe7 15. cxd5
O-O 16. dxc6 Bxc6 17. Ba5 Nb8 18. Nc2 Bxf3 19. Qxf3 c6 20. Ne3 Rc8 21. Rac1 Qa3
22. Nc4 Qxa2 23. Ra1 Qb3 24. Rfb1 Qxb1+ 25. Rxb1 Nd7 26. Nd6 Rf8 27. Nxf7 Rxf7
28. Qxc6 Raf8 29. Qxe6 Kh7 30. Qxg6+ Kg8 31. Qh7# 1-0

[Event "Challenge"]
[Site "http://www.queenalice.com/game.php?id=1324329"]
[Date "2014.11.26"]
[Round "-"]
[White "tucuman"]
[Black "lemoufflet"]
[Result "1-0"]
[WhiteElo "1744"]
[BlackElo "1836"]

1. e4 e5 2. Bc4 Qe7 3. d3 Nf6 4. Nf3 d6 5. Ng5 Bg4 6. Nf3 d5 7. Bxd5 Qd7 8. Nxe5
Qc8 9. Nxg4 Nxg4 10. O-O Bd6 11. g3 Ne5 12. Bf4 Ng4 13. Bxd6 cxd6 14. Qf3 O-O
15. Nc3 Na6 16. a3 Ne5 17. Qg2 Qd7 18. f4 Ng4 19. Qf3 Rab8 20. f5 Ne5 21. Qh5 b5
22. f6 g6 23. Qh6 Nf3+ 24. Kg2 Nh4+ 25. Kh1 Nf5 26. exf5 1-0

[Event "Challenge"]
[Site "http://www.queenalice.com/game.php?id=1327525"]
[Date "2014.12.11"]
[Round "-"]
[White "tucuman"]
[Black "lemoufflet"]
[Result "0-1"]
[WhiteElo "1630"]
[BlackElo "1816"]

1. e4 e5 2. Nc3 Qf6 3. Qf3 Qe6 4. d3 Nc6 5. Nd5 Bd6 6. Nh3 Nd4 7. Qd1 Ne7 8. Ng5
Qg6 9. Be3 Ne6 10. Be2 Nxg5 11. Bxg5 Qxg5 12. O-O Nxd5 13. exd5 e4 14. dxe4 Qh4
15. g3 Qxe4 16. Bf3 Qf5 17. c4 Be5 18. Rb1 d6 19. Bg2 b6 20. Re1 Ba6 21. b3 O-O
22. Qf3 Qc2 23. h4 Qxa2 24. Qh5 Bxc4 25. bxc4 Qxc4 26. Rbd1 Rfe8 27. Be4 h6 28.
Qf5 Bxg3 29. fxg3 Qc5+ 30. Kh1 Qc3 31. Qh7+ Kf8 32. Qh8+ Ke7 33. Bf5+ Kf6 34.
Rxe8 Rxe8 35. Qxe8 Qf3+ 36. Kh2 Qxd1 37. Qe4 Qh5 38. Kh3 Qxf5+ 39. Qxf5+ Kxf5
40. g4+ Ke5 0-1

[Event "Challenge"]
[Site "http://www.queenalice.com/game.php?id=1329225"]
[Date "2014.12.19"]
[Round "-"]
[White "tucuman"]
[Black "lemoufflet"]
[Result "0-1"]
[WhiteElo "1643"]
[BlackElo "1825"]

1. e4 e5 2. Bc4 Qe7 3. d3 Nc6 4. Nf3 Nf6 5. Ng5 d5 6. exd5 Nd4 7. d6 cxd6 8.
Bxf7+ Kd7 9. c3 Nc6 10. Be6+ Kc7 11. Bxc8 Rxc8 12. O-O h6 13. Nf3 Kb8 14. b4 e4
15. dxe4 Nxe4 16. b5 Nd8 17. Qa4 Nc5 18. Qd1 Qc7 19. a4 Qa5 20. Be3 g5 21. Bd4
Rh7 22. h3 Nde6 23. c4 Re7 24. Bf6 Rf7 25. Bc3 Qd8 26. a5 Nf4 27. Nh2 h5 28. Bd4
Nfd3 29. Bxc5 Nxc5 30. Nc3 h4 31. Ng4 Ne6 32. Qb3 Nd4 33. Qb2 Rxc4 34. Ne3 Qf6
35. Ncd5 Nf3+ 36. gxf3 Qxb2 37. b6 Rc6 38. bxa7+ Kxa7 39. Rfb1 Qe5 40. Ra2 Ra6
41. Nb4 Rxf3 42. Nbd5 Rxh3 43. Ng4 Qxd5 44. Rxb7+ Qxb7 0-1

[Event "Challenge"]
[Site "http://www.queenalice.com/game.php?id=1333330"]
[Date "2015.1.7"]
[Round "-"]
[White "tucuman"]
[Black "lemoufflet"]
[Result "1-0"]
[WhiteElo "1635"]
[BlackElo "1834"]

1. e4 e5 2. Bc4 d5 3. Bxd5 Nh6 4. h3 Na6 5. d3 Qf6 6. Nf3 Bc5 7. O-O O-O 8. a3
c6 9. Ba2 b5 10. Bxh6 Qxh6 11. Kh2 Bg4 12. Nbd2 Qf4+ 13. g3 Qh6 14. h4 Nc7 15.
c3 Rad8 16. b4 Rxd3 17. Qc2 Rxf3 18. Nxf3 Bxf3 19. Qd3 Bg4 20. bxc5 Ne6 21. Bxe6
Qxe6 22. f3 Bh3 23. Rg1 h5 24. Qe3 f6 25. Qd3 g5 26. Qe3 Kg7 27. a4 a6 28. axb5
axb5 29. Ra7+ Kg6 30. Rd1 Rf7 31. Rxf7 Kxf7 32. Qd3 gxh4 33. gxh4 f5 34. Qd7+
Qxd7 35. Rxd7+ Ke8 36. Rh7 fxe4 37. Kxh3 exf3 38. Kg3 e4 39. Kf2 Kf8 40. Rxh5
Kf7 41. Re5 b4 42. cxb4 1-0

[Event "Challenge"]
[Site "http://www.queenalice.com/game.php?id=1333331"]
[Date "2015.1.7"]
[Round "-"]
[White "lemoufflet"]
[Black "tucuman"]
[Result "1-0"]
[WhiteElo "1810"]
[BlackElo "1747"]

1. e4 e5 2. Nf3 d6 3. Nc3 a6 4. d4 exd4 5. Nd5 Be6 6. Qxd4 Nc6 7. Qc3 Be7 8. Nd4
Qd7 9. Nxc6 Bxd5 10. Qxg7 Bf6 11. Qg3 Bxc6 12. Bd3 O-O-O 13. Be3 Kb8 14. O-O Ne7
15. c3 Rdg8 16. Qf3 Be5 17. g3 f6 18. Bf4 Ng6 19. Bxe5 fxe5 20. Rfd1 Rf8 21. Qe3
Qh3 22. Bf1 h5 23. Bxh3 Ne7 24. b4 Bb5 25. a4 Bc6 26. b5 axb5 27. axb5 b6 28.
bxc6 Nxc6 29. Ra2 Kb7 30. Rb1 Ra8 31. Rxb6+ cxb6 32. Rxa8 Rxa8 33. Kg2 Ra3 34.
Qh6 Rxc3 35. Qg7+ Ka6 36. Bc8+ Kb5 37. Qb7 Ra3 38. Bd7 Rc3 39. Qa8 Rc4 40. Qa2
Rc5 41. Qb3+ Ka6 42. Bc8+ Ka7 43. Qf7+ Ka8 44. Qb7# 1-0

[Event "Challenge"]
[Site "http://www.queenalice.com/game.php?id=1346610"]
[Date "2015.3.9"]
[Round "-"]
[White "tucuman"]
[Black "lemoufflet"]
[Result "0-1"]
[WhiteElo "1645"]
[BlackElo "1841"]

1. b3 e5 2. d3 d5 3. e3 Be6 4. Bb2 Bd6 5. g3 Nf6 6. Bg2 Nc6 7. Nd2 Qe7 8. a3 O-O
9. Ne2 Ng4 10. h3 Nh6 11. e4 Bc5 12. O-O dxe4 13. Nxe4 Bb6 14. c4 Rad8 15. b4 a5
16. c5 Ba7 17. Qd2 axb4 18. axb4 Bb8 19. Bc3 Bc4 20. d4 exd4 21. Nxd4 Ne5 22.
Rfe1 c6 23. Qe3 Neg4 24. hxg4 Nxg4 25. Qf3 Ne5 26. Qe3 Ng4 27. Qf3 Be5 28. Rad1
Qd7 29. Bh3 f5 30. Nxf5 Bd5 31. Bxg4 Qc7 32. Bxe5 Qxe5 33. Qe2 h6 34. Nfd6 Bb3
35. Rb1 Ba4 36. Nxb7 Bb5 37. Qe3 Rd3 38. Qc1 Qd4 39. Qc2 Qe5 40. Bh3 Ra3 41. Bg2
Kh8 42. Nbd6 Rfa8 43. Nf7+ Kg8 44. Nfd6 Ra2 45. Qb3+ Kf8 46. Nc3 Qd4 47. Ncxb5
Qxf2+ 48. Kh2 Qxg2# 0-1

[Event "Challenge"]
[Site "http://www.queenalice.com/game.php?id=1347359"]
[Date "2015.3.14"]
[Round "-"]
[White "tucuman"]
[Black "lemoufflet"]
[Result "0-1"]
[WhiteElo "1487"]
[BlackElo "1823"]

1. b3 e5 2. d3 d5 3. e3 Bd6 4. Bb2 Nf6 5. g3 Be6 6. Bg2 Nc6 7. a3 O-O 8. h3 d4
9. e4 Ne7 10. Nf3 h6 11. O-O c5 12. c3 Qb6 13. c4 Nc6 14. Nh2 a5 15. Nf3 a4 16.
Nbd2 Na5 17. Re1 axb3 18. Nh4 Qa6 19. Nf5 Bxf5 20. exf5 b5 21. Bxa8 Rxa8 22.
Nxb3 bxc4 23. dxc4 Qxc4 24. Nxa5 Rxa5 25. g4 Nh7 26. Rc1 Qd5 27. Qe2 d3 28. Qd2
c4 29. Rcd1 Ra8 30. Ra1 Ng5 31. Qe3 Nf3+ 32. Kf1 Nd2+ 33. Kg1 Nf3+ 34. Kf1 Nh4
35. a4 Qg2# 0-1

[Event "Challenge"]
[Site "http://www.queenalice.com/game.php?id=1354965"]
[Date "2015.4.22"]
[Round "-"]
[White "tucuman"]
[Black "lemoufflet"]
[Result "1-0"]
[WhiteElo "1695"]
[BlackElo "1854"]

1. e4 e5 2. Bc4 Qf6 3. d3 Bc5 4. Qf3 Qg6 5. Nh3 d5 6. Bxd5 Nh6 7. O-O O-O 8. Nc3
c6 9. Bb3 Bg4 10. Qg3 Nd7 11. Bxh6 Rae8 12. Be3 Bd4 13. Bxd4 exd4 14. Nd1 Re6
15. Nf4 Qh6 16. Bxe6 Bxe6 17. Nxe6 fxe6 18. f3 Nf6 19. c3 Qd2 20. Nf2 Qxb2 21.
cxd4 Qxd4 22. Qc7 Qd7 23. Qxd7 Nxd7 24. a4 a5 25. Ng4 h6 26. d4 Nb6 27. Ne5 Rd8
28. Rfd1 Na8 29. f4 Nc7 30. f5 exf5 31. exf5 Nd5 32. Rd3 Rf8 33. Rf3 Nf6 34. Rd1
Kh7 35. Re1 Rd8 36. Rd1 c5 37. Rf4 c4 38. Nxc4 Nd5 39. Nxa5 Nc3 40. Rd2 Rd7 41.
g4 b6 42. Nc4 Nxa4 43. f6 g5 44. Rf5 Kg8 45. Ne5 Rd6 46. f7+ Kf8 47. d5 Nc3 48.
Nc6 Nb5 49. Nb4 Nc7 50. h3 b5 51. Kg2 Ne6 52. Kg1 Nd8 53. Re2 Nxf7 54. Ref2 Rd7
55. Nc6 Kg7 56. Rd2 Kg6 57. Ne5+ Nxe5 58. Rxe5 h5 59. Re6+ Kg7 60. d6 Rd8 61. d7
Kf7 62. Re8 Rxd7 63. Rxd7+ Kxe8 64. Rb7 hxg4 65. hxg4 b4 66. Rxb4 Kf7 67. Rb6
Ke7 68. Kg2 Kd7 69. Rg6 Ke7 70. Rxg5 1-0

[Event "AUTO-ADV-3404"]
[Site "http://www.queenalice.com/game.php?id=1357119"]
[Date "2015.5.3"]
[Round "1"]
[White "raven225"]
[Black "lemoufflet"]
[Result "1-0"]
[WhiteElo "1856"]
[BlackElo "1827"]

1. e4 e5 2. Nf3 Nc6 3. b3 Nf6 4. Nc3 d5 5. exd5 Nb4 6. a3 Nfxd5 7. axb4 e4 8.
Nxe4 Bd7 9. b5 Be7 10. c4 Nf4 11. g3 Bf5 12. gxf4 Bxe4 13. Bg2 Bd6 14. d3 Bb4+
15. Bd2 Qe7 16. O-O Bxd3 17. Re1 Be4 18. Bxb4 Qxb4 19. Rxe4+ Kf8 20. Rb1 Qc5 21.
Re5 Qb4 22. Qd7 g6 23. Ng5 Kg7 24. Qxf7+ Kh6 25. Nxh7 Rxh7 26. Qf6 Qf8 27. Qg5+
Kg7 28. Re7+ Kg8 29. Bd5+ Kh8 30. Rbe1 Rxe7 31. Rxe7 Re8 32. Qh4+ 1-0

[Event "AUTO-ADV-3404"]
[Site "http://www.queenalice.com/game.php?id=1357120"]
[Date "2015.5.3"]
[Round "1"]
[White "lemoufflet"]
[Black "raven225"]
[Result "0-1"]
[WhiteElo "1812"]
[BlackElo "1817"]

1. e4 c5 2. d4 cxd4 3. Qxd4 Nc6 4. Qe3 e5 5. c3 Nf6 6. Nd2 Be7 7. Be2 O-O 8.
Ngf3 b6 9. b4 Bb7 10. a4 d6 11. Nb3 Rc8 12. b5 Nb8 13. Bb2 Nxe4 14. O-O f5 15.
Bc4+ Rxc4 16. Rfd1 f4 17. Qe2 Rxc3 18. Nfd2 Rc2 19. Ba3 Nc3 20. Qc4+ d5 21. Qd3
Nxd1 22. Bxe7 Rxd2 23. Qxd2 Qxe7 24. Qxd1 d4 25. Nc1 Qg5 26. Qb3+ Rf7 27. Qh3 f3
28. g3 Nd7 29. Nd3 e4 30. Nf4 Bc8 31. Qe6 Qe5 32. Qc4 Bb7 33. Ne6 d3 34. Nd8
Qxa1+ 0-1

[Event "AUTO-ADV-3404"]
[Site "http://www.queenalice.com/game.php?id=1357131"]
[Date "2015.5.3"]
[Round "1"]
[White "JORAM2205"]
[Black "lemoufflet"]
[Result "1-0"]
[WhiteElo "1736"]
[BlackElo "1847"]

1. e4 e5 2. Nf3 Nc6 3. Bc4 Nh6 4. a3 b6 5. d3 Qf6 6. Bg5 Qg6 7. Qd2 Be7 8. Nc3
O-O 9. Nb5 Bxg5 10. Nxg5 Bb7 11. Nxc7 Rac8 12. Nd5 a6 13. Nxb6 Rcd8 14. O-O d5
15. Nxd5 Ng4 16. Nf3 Nf6 17. Nxe5 Nxe4 18. Qe3 Qe6 19. Nxc6 Bxc6 20. dxe4 Qe5
21. f4 Qxb2 22. Ne7+ Kh8 23. Nxc6 Qxc2 24. Nxd8 Qxc4 25. Rac1 Qa4 26. Nxf7+ Kg8
27. Ne5 h6 28. Rc7 Kh7 29. Rfc1 Qe8 30. R1c6 Qh5 31. g4 Qh4 32. Rxg7+ Kxg7 33.
Qa7+ Kg8 34. Rg6+ 1-0

[Event "AUTO-ADV-3404"]
[Site "http://www.queenalice.com/game.php?id=1357132"]
[Date "2015.5.3"]
[Round "1"]
[White "lemoufflet"]
[Black "JORAM2205"]
[Result "1-0"]
[WhiteElo "1834"]
[BlackElo "1749"]

1. e4 e5 2. d4 Qe7 3. d5 d6 4. c4 Nf6 5. Qa4+ Bd7 6. Qc2 b6 7. Nf3 Na6 8. Bd2
Nc5 9. Nc3 a6 10. Be2 g6 11. O-O h5 12. Bg5 Bg7 13. b4 b5 14. bxc5 O-O 15. c6
Be8 16. cxb5 a5 17. Na4 Qd8 18. Nh4 Rb8 19. Bxh5 gxh5 20. Nf5 Bh8 21. Qc3 Bg7
22. Qg3 Nxe4 23. Bxd8 Nxg3 24. Ne7+ Kh8 25. Bxc7 Rxb5 26. Rfd1 Ne2+ 27. Kh1 Bf6
28. Bxd6 Bxe7 29. Bxe7 Rg8 30. c7 Bd7 31. Bf6+ Kh7 32. Bxe5 Re8 33. Bf6 Rb4 34.
Nc5 Bf5 35. d6 Rg4 36. d7 Bxd7 37. Rxd7 Rgg8 38. Rd8 Kg6 39. c8=Q Kxf6 40. Qc6+
Kg7 41. Rxe8 1-0

[Event "AUTO-ADV-3404"]
[Site "http://www.queenalice.com/game.php?id=1357137"]
[Date "2015.5.3"]
[Round "1"]
[White "MarcosT"]
[Black "lemoufflet"]
[Result "1-0"]
[WhiteElo "1772"]
[BlackElo "1849"]

1. e4 e5 2. Nf3 Qf6 3. Be2 Qc6 4. d3 Be7 5. Nxe5 Qf6 6. Nf3 Bd6 7. d4 Ne7 8. e5
Qg6 9. exd6 Qxd6 10. O-O Nbc6 11. b3 Qg6 12. Re1 Nf5 13. Bd3+ Nce7 14. Ba3 d6
15. Nc3 Qf6 16. Nd5 Qh6 17. Nxc7+ Kd8 18. Nxa8 Bd7 19. c4 Kc8 20. Bxf5 Nxf5 21.
c5 Kb8 22. cxd6 Kxa8 23. Rc1 f6 24. Qc2 a6 25. Qc7 Bc6 26. d7 g6 27. d8=Q+ Rxd8
28. Qxd8+ Ka7 29. Bc5+ b6 30. Bxb6+ Kb7 31. Qc7+ 1-0

[Event "AUTO-ADV-3404"]
[Site "http://www.queenalice.com/game.php?id=1357138"]
[Date "2015.5.3"]
[Round "1"]
[White "lemoufflet"]
[Black "MarcosT"]
[Result "1-0"]
[WhiteElo "1826"]
[BlackElo "1813"]

1. e4 Nf6 2. e5 Nd5 3. d4 d6 4. f4 Bf5 5. Bd3 Bxd3 6. Qxd3 e6 7. Qb5+ Nc6 8.
Qxb7 Nxd4 9. Na3 dxe5 10. Nh3 Bxa3 11. Kf2 Bc5 12. Kf1 Nxc2 13. Rb1 Nde3+ 14.
Ke2 exf4 15. Qb5+ 1-0

[Event "Challenge"]
[Site "http://www.queenalice.com/game.php?id=1357656"]
[Date "2015.5.5"]
[Round "-"]
[White "Magogue"]
[Black "lemoufflet"]
[Result "0-1"]
[WhiteElo "987"]
[BlackElo "1830"]

1. e4 e5 2. f4 exf4 3. Bc4 d5 4. Bxd5 Nh6 5. Nf3 Bc5 6. d4 Bb4+ 7. c3 Be7 8.
Bxf4 Ng4 9. Ne5 Nxe5 10. Bxe5 f6 11. Bg3 Bd6 12. Bxd6 Qxd6 13. Qb3 Qe7 0-1

[Event "Challenge"]
[Site "http://www.queenalice.com/game.php?id=1357657"]
[Date "2015.5.5"]
[Round "-"]
[White "lemoufflet"]
[Black "Magogue"]
[Result "1-0"]
[WhiteElo "1832"]
[BlackElo "897"]

1. e4 e5 2. Nf3 d6 3. Nc3 Nf6 4. d4 exd4 5. Nxd4 Be7 6. Nf5 Bxf5 7. exf5 O-O 8.
Nd5 Nxd5 9. Qxd5 c6 10. Qb3 Qd7 11. Bd3 d5 12. Be3 c5 13. O-O c4 14. Qc3 cxd3
15. Qxd3 Bf6 16. Bh6 1-0

[Event "Challenge"]
[Site "http://www.queenalice.com/game.php?id=1368831"]
[Date "2015.7.1"]
[Round "-"]
[White "BOPEbleckangel"]
[Black "lemoufflet"]
[Result "0-1"]
[WhiteElo "2127"]
[BlackElo "1826"]

1. d4 d5 2. Nf3 Nd7 3. e3 Ngf6 4. Bd3 e6 5. O-O Bd6 6. Nc3 Ng4 7. h3 Bh2+ 8.
Nxh2 h5 9. Nxg4 Qh4 10. Ne5 Nb6 11. Qf3 Rf8 12. Qf4 Qf6 13. Qxf6 gxf6 14. Nf3
Rg8 15. Kh2 c6 16. e4 Bd7 17. exd5 exd5 18. Bf4 Be6 19. Rfe1 Ke7 20. Nh4 Rae8
21. Nf5+ Kd8 22. Nd6 Re7 23. Bf5 Nc4 0-1

[Event "Challenge"]
[Site "http://www.queenalice.com/game.php?id=1368842"]
[Date "2015.7.1"]
[Round "-"]
[White "lemoufflet"]
[Black "BOPEbleckangel"]
[Result "1-0"]
[WhiteElo "1796"]
[BlackElo "2150"]

1. e4 e5 2. Nf3 Nc6 3. d3 Nf6 4. Nc3 Bc5 5. Qe2 O-O 6. Bg5 Be7 7. Qe3 d6 8. Nd5
Nd4 9. Nxf6+ Bxf6 10. Bxf6 Nxc2+ 11. Ke2 Qxf6 12. Qc1 Nxa1 13. Qxa1 Bg4 14. Rg1
Qg6 15. h3 Bxf3+ 16. Kxf3 f5 17. Ke3 fxe4 18. dxe4 Qg5+ 19. Kd3 Rxf2 20. Be2
Rxg2 21. Bg4 Rd2+ 22. Kc4 1-0

[Event "Challenge"]
[Site "http://www.queenalice.com/game.php?id=1369470"]
[Date "2015.7.4"]
[Round "-"]
[White "tucuman"]
[Black "lemoufflet"]
[Result "1-0"]
[WhiteElo "1717"]
[BlackElo "1832"]

1. e4 e5 2. Nf3 Nc6 3. Nc3 Qe7 4. d3 Qe6 5. a3 a6 6. h3 Bc5 7. Be2 Bxf2+ 8. Kxf2
Nf6 9. Rf1 Nd4 10. Nxd4 exd4 11. Nb1 d5 12. exd5 Nxd5 13. Kg1 Ne3 14. Bxe3 Qxe3+
15. Kh1 Bxh3 16. gxh3 Qxh3+ 17. Kg1 Qg3+ 18. Kh1 Rd8 19. Bf3 O-O 20. Bg2 Rd6 21.
Nd2 Rh6+ 22. Kg1 Qh2+ 23. Kf2 Rf6+ 24. Nf3 1-0